00464 a2200121 4500082001400000100001900014245011600033260003500149300002800184650002300212999001300235952009400248 a519.4 CIA aCiarlet, P. G. aHandbook of numerical analysis :Basic error estimates for elliptic problems [vol-2]cP. G. Ciarlet, J. L. Lions aHolland:bElsevier pub,c1991. a928p. :bill. ;c27 cm. anumerical analysis c528d528 00104070aNITbNITcCEd0000-00-00l0o519.4 CIApNIT-4113 r2017-01-05w2017-01-05yBK